000 00416nam a2200157Ia 4500
008 230917s9999||||xx |||||||||||||| ||und||
040 _e78291
_aMAIN
041 _aEnglish
082 _a346.0922 G959L(2)
100 _aGupta, S N
245 0 _aLaw relating to bonds and guarantees v2: guarantees, v1:bonds
250 _a3rd ed.
260 _aDelhi
_bUniversal book
_c1991
300 _axxxiv, 552 p.
942 _cBK
999 _c69541
_d69541